000
00293nam a22001337a 4500
020
_a
0-440-41849-6
082
_a
823
_b
GLI/P
100
_a
GLIORI, DEBI
245
_a
PURE DEAD MAGIC
260
_a
NEW YORK
_b
DELL YEARLING
_c
2001
300
_a
182
650
_a
NOVEL
_z
UNITED STATES
942
_c
BK
999
_c
3058
_d
3058